Vật lý siêu dẫn
Sách trình bày các tính chất cơ bản và một số lý thuyết quan trọng nhất của các vật liệu siêu dẫn nhiệt độ thấp, trình bày các vấn đề về nhiệt động học chuyển pha, về lý thuyết vi mô, tiếp xúc Josephson, những tính chất cơ bản nhất...
Сохранить в:
| Главный автор: | |
|---|---|
| Формат: | |
| Язык: | Undetermined |
| Опубликовано: |
Hà Nội
Giáo dục
2005
|
| Предметы: | |
| Метки: |
Добавить метку
Нет меток, Требуется 1-ая метка записи!
|
| Thư viện lưu trữ: | Trung tâm Học liệu Trường Đại học Cần Thơ |
|---|
| LEADER | 01019nam a2200205Ia 4500 | ||
|---|---|---|---|
| 001 | CTU_106766 | ||
| 008 | 210402s9999 xx 000 0 und d | ||
| 020 | |c 25000 | ||
| 082 | |a 537.623 | ||
| 082 | |b S312 | ||
| 100 | |a Nguyễn, Huy Sinh | ||
| 245 | 0 | |a Vật lý siêu dẫn | |
| 245 | 0 | |c Nguyễn Huy Sinh | |
| 260 | |a Hà Nội | ||
| 260 | |b Giáo dục | ||
| 260 | |c 2005 | ||
| 520 | |a Sách trình bày các tính chất cơ bản và một số lý thuyết quan trọng nhất của các vật liệu siêu dẫn nhiệt độ thấp, trình bày các vấn đề về nhiệt động học chuyển pha, về lý thuyết vi mô, tiếp xúc Josephson, những tính chất cơ bản nhất và một số vật liệu điển hình nhất trong lĩnh vực siêu dẫn nhiệt độ cao,.... | ||
| 650 | |a Superconductivity | ||
| 904 | |i Năm | ||
| 980 | |a Trung tâm Học liệu Trường Đại học Cần Thơ | ||